Panama's Provinces - Statistics

General Stats
  • This quiz has been taken 186 times
  • The average score is 6 of 9
Answer Stats
Answer % Correct
Panama
95%
Darien
73%
Bocas Del Toro
67%
Colon
67%
Chiriqui
64%
Los Santos
62%
Veraguas
61%
Herrera
59%
Cocle
57%
No matching quizzes found
Score Distribution
Percent of People with Each Score
Percentile by Number Answered
Your Score History
You have not taken this quiz